Viaje a China / (Record no. 136098)

MARC details
000 -LEADER
campo de control de longitud fija 00559nam a2200193 4500
001 - NÚMERO DE CONTROL
campo de control 136098
003 - IDENTIFICADOR DE NÚMERO DE CONTROL
campo de control ES-MaACL
005 - FECHA Y HORA DE LA ÚLTIMA TRANSACCIÓN
campo de control 20260507155222.0
007 - CAMPO FIJO DE DESCRIPCIÓN FÍSICA--INFORMACIÓN GENERAL
campo de control de longitud fija t|
008 - DATOS DE LONGITUD FIJA--INFORMACIÓN GENERAL
campo de control de longitud fija 070214s1966 sp r ||||1| spa d
100 ## - ENTRADA PRINCIPAL--NOMBRE DE PERSONA
Nombre de persona Roy, Jules,
Fechas asociadas al nombre 1907-2000
9 (RLIN) 239225
245 10 - MENCIÓN DEL TÍTULO
Título Viaje a China /
Mención de responsabilidad, etc. Jules Roy ; traducción de Mercedes Sánchez de Sastre.
250 ## - MENCION DE EDICION
Mención de edición 1ª. ed.
260 ## - PUBLICACIÓN, DISTRIBUCIÓN, ETC.
Lugar de publicación, distribución, etc. Madrid :
Nombre del editor, distribuidor, etc. Cid,
Fecha de publicación, distribución, etc. 1966.
300 ## - DESCRIPCIÓN FÍSICA
Extensión XII, 295 p. ;
Dimensiones 23 cm.
700 1# - ENTRADA AGREGADA--NOMBRE PERSONAL
Nombre de persona Sánchez de Sastre, Mercedes.
9 (RLIN) 102597
852 ## - LOCALIZACIÓN
Ubicación ES-MaACL
Número de control de estantería C-29859
Sublocalización o colección R.60283
Holdings
Estatus retirado Estado de pérdida Estado de daño No para préstamo Biblioteca de origen Biblioteca actual Ubicación en estantería Fecha de adquisición Fuente de adquisición Total de préstamos Signatura topográfica completa Código de barras Visto por última vez Precio de reemplazo Tipo de ítem Koha
        Biblioteca del Ateneo de Madrid Biblioteca del Ateneo de Madrid Depósito 2 17/01/2008     C-29859 1141645 23/02/2023 23/02/2023 Libro impreso